| 000 | 00885nam a2200301Ia 4500 | ||
|---|---|---|---|
| 001 | 10307 | ||
| 003 | IT-RoPAU | ||
| 008 | 130308s9999 xx 000 0 und d | ||
| 040 | _aIT-RoPAU | ||
| 040 | _cIT-RoPAU | ||
| 041 | _aFRANCESE | ||
| 100 | _aDimnet Jean | ||
| 100 | _gCodice Aut. SPICS: 7196 | ||
| 245 | _aAu service d'une violence sociale ou d'un progres? | ||
| 245 | _bMoyens de Communication de masse et Pastorale | ||
| 250 | _a1a ed. | ||
| 260 | _aPARIS | ||
| 260 | _bFleurus | ||
| 260 | _c1969 [1° Ed.:1969 - Ed.Ling.Originale:1969] | ||
| 300 | _a"5 p. (prefazione: no ; testo: 5 [pagine: 65-69])" | ||
| 500 | _aAl Servizio di una violenza Sociale o del Progresso? Rivoluzione del Linguaggio | ||
| 650 | _aCONVEGNI/MANIFESTAZIONI PASTORALE D.CS | ||
| 650 | _eCodice materia Spics: 9315 | ||
| 942 | _cBK | ||
| 957 | _71 | ||
| 999 |
_c64586 _d64586 |
||
| 999 | _bSI | ||
| 999 | _g1 | ||